Элементарные возбуждения в твердых телах: пер. с англ.

Bibliografiske detaljer
Hovedforfatter: Пайнс Д. Дэвид
Sprog:russisk
Udgivet: Москва, Мир, 1965
Fag:
Format: MixedMaterials Bog
KOHA link:https://koha.lib.tpu.ru/cgi-bin/koha/opac-detail.pl?biblionumber=124777

MARC

LEADER 00000nam0a2200000 4500
001 124777
005 20231031131122.0
035 |a (RuTPU)RU\TPU\book\135032 
090 |a 124777 
100 |a 20071107d1965 k y0rusy50 ca 
101 1 |a rus  |c eng 
102 |a RU 
105 |a a z 001zy 
200 1 |a Элементарные возбуждения в твердых телах  |e пер. с англ.  |f Д. Пайнс 
210 |a Москва  |c Мир  |d 1965 
215 |a 382 с.  |c ил. 
320 |a Библиография в конце глав. 
610 1 |a элементарные возбуждения 
610 1 |a твердые тела 
610 1 |a теория 
610 1 |a квантовая теория 
610 1 |a фононы 
610 1 |a электроны 
610 1 |a плазмоны 
610 1 |a металлы 
675 |a 539.2  |v 3 
675 |a 530.145  |v 3 
700 1 |a Пайнс  |b Д.  |g Дэвид 
801 1 |a RU  |b 63413507  |c 20071107  |g PSBO 
801 2 |a RU  |b 63413507  |c 20140522  |g PSBO 
942 |c BK